Every day : (Record no. 23571)
[ view plain ]
| 000 -LEADER | |
|---|---|
| fixed length control field | 00517nam a22001457a 4500 |
| 005 - DATE AND TIME OF LATEST TRANSACTION | |
| control field | 20250319091611.0 |
| 008 - FIXED-LENGTH DATA ELEMENTS--GENERAL INFORMATION | |
| fixed length control field | 250306b |||||||| |||| 00| 0 eng d |
| 020 ## - INTERNATIONAL STANDARD BOOK NUMBER | |
| International Standard Book Number | 9780525581611 |
| 082 ## - DEWEY DECIMAL CLASSIFICATION NUMBER | |
| Classification number | DFic L579 2018 |
| 100 ## - MAIN ENTRY--PERSONAL NAME | |
| Personal name | Levithan, David. |
| 9 (RLIN) | 65692 |
| 245 ## - TITLE STATEMENT | |
| Title | Every day : |
| Remainder of title | every day a different body. every day a different life. every day in love with the same girl / |
| Statement of responsibility, etc. | David Levithan. |
| 260 ## - PUBLICATION, DISTRIBUTION, ETC. (IMPRINT) | |
| Place of publication, distribution, etc. | New York : |
| Name of publisher, distributor, etc. | Orion Releasing LLC., |
| Date of publication, distribution, etc. | ©2018. |
| 300 ## - PHYSICAL DESCRIPTION | |
| Extent | 416 pages : |
| Other physical details | illustrations ; |
| Dimensions | 21 cm. |
| 942 ## - ADDED ENTRY ELEMENTS (KOHA) | |
| Source of classification or shelving scheme | Dewey Decimal Classification |
| Koha item type | Fiction |
| Withdrawn status | Lost status | Source of classification or shelving scheme | Damaged status | Not for loan | Collection code | Home library | Current library | Shelving location | Date acquired | Source of acquisition | Total Checkouts | Full call number | Barcode | Date last seen | Date last checked out | Price effective from | Koha item type |
|---|---|---|---|---|---|---|---|---|---|---|---|---|---|---|---|---|---|
| Dewey Decimal Classification | Fiction | UM Digos College - LIC | UM Digos College - LIC | Book Cart | 04/25/2024 | Donated | 4 | DFic L579 2018 | 28626 | 04/13/2026 | 04/08/2026 | 03/06/2025 | Fiction |
